Auteurs de Science-Fiction #1 - Statistiques

Statistiques générales
  • Ce quiz a été pris 733 fois
  • Le résultat moyen est 7 sur 20
Statistiques - réponses
Œuvre Auteur % Correct
Vingt Mille Lieues sous les mers Jules Verne
95%
1984 George Orwell
89%
Frankenstein Mary Shelley
58%
Dune Frank Herbert
53%
Le Meilleur des mondes Aldous Huxley
48%
Fondation Isaac Asimov
47%
Fahrenheit 451 Ray Bradbury
42%
La Planète des singes Pierre Boulle
34%
La Machine à explorer le temps H. G. Wells
33%
La Servante écarlate Margaret Atwood
32%
Ravage René Barjavel
30%
Le Maître du Haut Château Philip K. Dick
28%
La Horde du Contrevent Alain Damasio
25%
2001 : l'Odyssée de l'espace Arthur C. Clarke
17%
Le Problème à trois corps Liu Cixin
17%
Hypérion Dan Simmons
11%
Le Guide du voyageur galactique Douglas Adams
11%
La Main gauche de la nuit Ursula K. Le Guin
7%
Metro 2033 Dmitry Glukhovsky
6%
Neuromancien William Gibson
6%
Aucun quiz correspondant
Distribution des résultats
% des personnes avec chaque résultat
Percentile par nombre de réponses
Votre historique - résultats
Vous n’avez pas pris ce quiz